000 00288nam a2200109Ia 4500
008 221009s9999 xx 000 0 und d
082 _a732.44/VAT
100 _aVatsyayan Kapila
_91596
245 4 _aThe Square & The Circle Of The Indian Arts
260 _bAbhinav Publication
942 _cBK
999 _c64884
_d64884